| 000 | 01967nam0a22003491 4500 | ||
|---|---|---|---|
| 001 | v19\rc\1404592 | ||
| 005 | 20260406064138.0 | ||
| 035 | _a(NLR Aleph) 005206552 | ||
| 090 |
_a5364376 _c5364376 |
||
| 100 | _a20060512e18751875|||y0rusy50 ca | ||
| 101 | 1 |
_arus _cfre |
|
| 102 | _aRU | ||
| 105 | _ay z |||a| | ||
| 200 | 1 |
_aИстория одного товарищества _e(Fromont le jeune et Risler ainée) _eКартины соврем. Парижа _eРоман _fАльфонс Додэ |
|
| 210 |
_aСанкт-Петербург _cтип. П.П. Меркульева _d1875 |
||
| 215 |
_a[4], IV, 316 с. _d23 |
||
| 300 | _aПер. также под загл.: Молодой Фромон и Рислер старший, Фромон молодой и Рислер старший, Фромон младший и Рислер старший | ||
| 311 | _aОтт. из журн. "Б-ка дешевая и общедоступная". 1875, № 1-4 | ||
| 451 | 0 |
_12001#$aМолодой Фромон и Рислер старший _tМолодой Фромон и Рислер старший |
|
| 451 | 0 |
_12001#$aФромон молодой и Рислер старший _tФромон молодой и Рислер старший |
|
| 451 | 0 |
_12001#$aФромон младший и Рислер старший _tФромон младший и Рислер старший |
|
| 488 | 0 |
_12001#$aБиблиотека дешевая и общедоступная$v1875, № 1-4 _tБиблиотека дешевая и общедоступная |
|
| 532 | 1 | 3 | _aИстория одного товарищества |
| 700 | 1 |
_8rus _7ca _aДоде _bА. _f1840-1897 _gАльфонс _3RU\NLR\AUTH\7723718 _96771 |
|
| 801 | 2 |
_aRU _bNLR _c20090701 _2rusmarc |
|
| 801 | 0 |
_aRU _bNLR _c20060512 _gpsbo |
|
| 801 | 0 |
_aRU _bRuMoRGB _c20060512 _2psbo |
|
| 801 | 1 |
_aRU _bProSoft-M _c20060512 _2rusmarc |
|
| 852 |
_aNLR _j18.236.6.38 |
||
| 942 | _cBOOK | ||
| 980 | _aNB | ||